000 00776ngm a22003130a 4500
001 PT41502
003 AR-LpoUNG
005 20210201235917.0
007 vd cvaizq
008 191001ss.f.||||ag |||||||||||||||||spa d
037 _c$11.50
040 _aAR-LpoUNG
_bspa
_cAR-LpoUNG
_eaacr
041 _aspa
044 _aag
082 0 _a822.33 527wil
245 1 0 _aWilliam Shakespeare
260 _aBuenos Aires :
_bBlackman,
_c[s.f].
300 _aDVD (35 min.) : son., col.
520 _aBiografía del poeta y dramaturgo inglés.
650 4 _aBIOGRAFIAS
650 4 _aINGLATERRA
650 4 _aLITERATURA
651 4 _aInglaterra
653 _aCINE INGLES
653 _aVIDEOS
710 2 _aBlackman (firma comercial)
905 _a41502
942 _cDVD
999 _c53759
_d53759